1873 1935 1509 1275 1193 1816 1482 1360 1543 1058 1619 1995 1684 1051 1930 1558 1488 1033 1522 1495 1504 1124 1013 1936 1918 1550 1306 1245 1631 1726 1813 1363 1777 1299 1706 1014 1105 1196 1624 1676 1127 1077 1771 1424 1619 1962 1433 1734 1721 1509 1827 1637 1662 1051 1966 1827 1954 1526 1226 1124 1099 1277 1411 1743 1042 1559 1775 1801 1029 1722 1579 1087 1453 1256 1564 1524 1467 1197 1811 1010 1192 1722 1765 1403 1375 1790 1674 1486 1492 1806 1122 1720 1131 1467 1857 1796 1047 1015 1041 BCNSPRNW ULIB Ver.6.0+V

เปลี่ยนเป็นภาษาไทย

Change to English
 แสดงรายละเอียดบรรณานุกรม
  กลับหน้าหลัก

Brief Record : Get Marc (ISO 2709) : E-mail record : QR code < ปิดหน้าต่าง
LEADER : 00000nam 2200000uu 4500
001    13399113583
003     ULIB
008    111201s2550||||th 000 0 tha d
020    ^a9789740902348
090    ^aนว.^bป524พ 2550
100 0  ^aปัญญ์ปรียา
245 00 ^aณ ที่แห่งรัก/^cปัญญ์ปรียา
250    ^aพิมพ์ครั้งที่ 2
260    ^aกรุงเทพฯ :^bแจ่มใส,^c2550
300    ^a267 หน้า
710 1  ^aแจ่มใส
945    ^p169^l0^i14461
995    ^aกัณชพร
999    ^aใช้งานได้ทุกระบบ
รายการนี้ยังไม่มีแท็ก
คุณยังไม่ได้ล็อกอิน คุณสามารถมีกิจกรรมร่วมกับเว็บไซต์ได้ แต่ต้องล็อกอินก่อน ::
  ล็อกอิน

รายการสื่อสารสนเทศ

ลำดับที่ ประเภท เลขเรียก/บาร์โค้ด สถานที่ สถานะ
1. วิทยาศาสตร์การแพทย์ และสุขภาพ
วิทยาศาสตร์การแพทย์ และสุขภาพ
นว. ป524พ 2550  
  Barcode: 14461
ห้องสมุดวิทยาเขตสวรรค์ประชารักษ์
►นวนิยาย
บนชั้น
  ขอยืม

รายการใกล้เคียง
    ผู้แต่ง [ปัญญ์ปรียา]

BibComment


ยังไม่เคยถูกคอมเมนท์

คอมเมนท์ทรัพยากรรายการนี้
  คอมเมนท์: ณ ที่แห่งรัก ปัญ..


 Copyright 2026. Bcnsprnw @Library